000 00553nam a22001817a 4500
005 20251016105925.0
008 251016b |||||||| |||| 00| 0 eng d
040 _aMAIN
082 _a363.7
_bD612N
100 _aDinesh
245 _aNanoparticles assisted phytoremediation for the removal of lead and cadmium from contaminated soil
260 _bDepartment of Environmental Science, M D University, Rohtak
_c2025
300 _axvii, 159
650 _aEnvironmental Science
650 _aPhytoremediation
700 _aSunil Kumar
942 _cTH
999 _c393589
_d393589